00854nam a2200241 a 4500003000600000005001700006008004100023020001800064040001900082245013000101264004800231300003700279504005000316650002900366650001900395650002900414650001900443650002100462650003700483650003300520700002900553710003000582OCoLC20201120145926.0030404t20022002sz a b i001 0 eng  a92-4-154551-8 aDDCcDDCdTSSD00aSummary measures of population health :bConcepts, ethics, measurement and applications /cChristopher J.L. Murray [et al.] 1aGeneva :bWorld Health Organization,cc2002 axxviii, 770 p. :bills. ;c24 cm aIncludes bibliographical references and index 0aHealth status indicators 0aMedical ethics12aHealth Status Indicators12aSystems Theory22aEthical Analysis22aPopulation Surveillancexmethods22aStatistics as Topicxmethods1 aMurray, Christopher J. L2 aWorld Health Organization